[Event "Lichtenberger Sommer 2023"]
[Site "Berlin"]
[Date "2023.08.13"]
[Round "2.1"]
[White "Sabrowski, Uwe"]
[Black "Florstedt, Johannes"]
[Result "0-1"]
[WhiteElo "2016"]
[BlackElo "2386"]
[PlyCount "48"]
[EventDate "2023.??.??"]
[WhiteTeam "SC Friesen Lichtenberg e.V."]
[BlackTeam "SF Berlin 1903 e.V."]

1. d4 Nf6 2. c4 g6 3. Nc3 d5 4. cxd5 Nxd5 5. e4 Nxc3 6. bxc3 Bg7 7. Bc4 c5 8.
Ne2 O-O 9. O-O Nc6 10. Be3 e6 11. Qd2 Qa5 12. Rfd1 b5 13. Bb3 cxd4 14. cxd4 Bb7
15. Rac1 Qxd2 16. Rxd2 Na5 17. f3 Rfc8 18. Rdc2 Nxb3 19. axb3 Rxc2 20. Rxc2 a5
21. Rc5 a4 22. Rxb5 Ba6 23. Ra5 axb3 24. Bc1 Rc8 0-1

[Event "Lichtenberger Sommer 2023"]
[Site "Berlin"]
[Date "2023.08.13"]
[Round "2.2"]
[White "Colpe, Malte"]
[Black "Jesse, Timo"]
[Result "1-0"]
[WhiteElo "2381"]
[BlackElo "2034"]
[PlyCount "77"]
[EventDate "2023.??.??"]
[WhiteTeam "Hamburger SK von 1830 eV"]
[BlackTeam "ESV 1949 Eberswalde e.V."]

1. d4 Nf6 2. c4 e6 3. Nc3 Bb4 4. e3 O-O 5. Bd3 d5 6. a3 Bxc3+ 7. bxc3 Nbd7 8.
cxd5 exd5 9. Ne2 b6 10. O-O Bb7 11. f3 c5 12. Ng3 Re8 13. Ra2 Nf8 14. Re2 cxd4
15. cxd4 Ne6 16. Bb5 Re7 17. a4 Rc7 18. Ba3 g6 19. Bb2 Qc8 20. Qd2 Ba6 21. e4
Bxb5 22. axb5 Qd7 23. f4 Ng7 24. e5 Nfh5 25. Nxh5 gxh5 26. f5 Kh8 27. Ba3 Rac8
28. Qg5 Rg8 29. Re3 Qd8 30. h4 Rc4 31. Be7 Qc8 32. Rg3 Rc3 33. Bf6 Rxg3 34.
Qxg3 h6 35. e6 Qe8 36. e7 Qxb5 37. Qe5 Qe8 38. Rf3 Kh7 39. Rg3 1-0

[Event "Lichtenberger Sommer 2023"]
[Site "Berlin"]
[Date "2023.08.13"]
[Round "2.3"]
[White "Beyer, Lorenz"]
[Black "Figura, Atila Gajo"]
[Result "0-1"]
[WhiteElo "1994"]
[BlackElo "2371"]
[PlyCount "60"]
[EventDate "2023.??.??"]
[WhiteTeam "Barnimer SF im SV Sta"]
[BlackTeam "SC Friesen Lichtenberg e.V."]

1. d4 Nf6 2. Bf4 c5 3. e3 Qb6 4. Nc3 e6 5. Nb5 Nd5 6. Bg3 a6 7. c4 axb5 8. cxd5
c4 9. Ne2 Qa5+ 10. Qd2 b4 11. Bxb8 Rxb8 12. dxe6 dxe6 13. Ng3 c3 14. bxc3 bxc3
15. Qc2 Bd7 16. a4 b5 17. Bd3 bxa4 18. O-O Rb2 19. Qc1 Bb4 20. Ne4 O-O 21. Rd1
Rc8 22. Nc5 Bxc5 23. dxc5 Rxc5 24. Bxh7+ Kxh7 25. Rxd7 Qb5 26. Rd4 c2 27. Rh4+
Kg8 28. Raxa4 g5 29. Ra8+ Kg7 30. Ra5 Rb1 0-1

[Event "Lichtenberger Sommer 2023"]
[Site "Berlin"]
[Date "2023.08.13"]
[Round "2.4"]
[White "Brüdigam, Martin"]
[Black "Möller, Jared William"]
[Result "1/2-1/2"]
[WhiteElo "2362"]
[BlackElo "1979"]
[PlyCount "120"]
[EventDate "2023.??.??"]
[WhiteTeam "SK König Tegel 1949 e.V."]
[BlackTeam "SV Glück auf Rüdersdorf e.V."]

1. e4 c5 2. Nf3 Nc6 3. Bb5 e5 4. O-O Bd6 5. d3 a6 6. Ba4 Nf6 7. c3 O-O 8. Re1
b5 9. Bc2 Be7 10. Nbd2 d5 11. exd5 Qxd5 12. Qe2 Bg4 13. h3 Bh5 14. Ne4 Nxe4 15.
dxe4 Qe6 16. Qe3 h6 17. Nh2 Rfd8 18. Nf1 Rac8 19. Qg3 Qg6 20. Qxg6 Bxg6 21. Be3
Na5 22. Rad1 Nc4 23. Bc1 Bg5 24. b3 Bxc1 25. Rxc1 Nb2 26. f3 Nd3 27. Bxd3 Rxd3
28. Red1 Rcd8 29. Rxd3 Rxd3 30. Kf2 f6 31. Ke2 Rd7 32. c4 f5 33. exf5 Bxf5 34.
cxb5 Bd3+ 35. Kf2 Bxb5 36. Rxc5 Rd1 37. Ne3 Rd2+ 38. Kg3 Rxa2 39. Kg4 g6 40.
Rxe5 Rb2 41. h4 Rxb3 42. h5 Bd7+ 43. Kh4 g5+ 44. Kg3 Kf7 45. Ng4 Bxg4 46. Kxg4
Rb4+ 47. Kg3 Rh4 48. Ra5 Rxh5 49. Rxa6 Rh4 50. Rd6 Kg7 51. Kf2 Ra4 52. g3 h5
53. Re6 h4 54. gxh4 Rxh4 55. Ke3 Ra4 56. Kf2 Kf7 57. Rb6 g4 58. Rb3 gxf3 59.
Rxf3+ Ke6 60. Ke3 Ra3+ 1/2-1/2

[Event "Lichtenberger Sommer 2023"]
[Site "Berlin"]
[Date "2023.08.13"]
[Round "2.5"]
[White "Witte, Ronald"]
[Black "Hommer, Jeremy"]
[Result "1/2-1/2"]
[WhiteElo "1973"]
[BlackElo "2308"]
[PlyCount "105"]
[EventDate "2023.??.??"]
[WhiteTeam "BSV 63 Chemie Weißensee"]
[BlackTeam "Hamburger SK von 1830 eV"]

1. d4 Nf6 2. c4 e6 3. Nf3 b6 4. g3 Bb7 5. Bg2 Be7 6. Nc3 O-O 7. O-O Ne4 8. Qc2
Nxc3 9. Qxc3 d6 10. b3 Nd7 11. Bb2 Be4 12. Rfd1 f5 13. Ne1 Bxg2 14. Nxg2 Bf6
15. Qc2 Qe7 16. e4 fxe4 17. Qxe4 e5 18. Ne3 Qf7 19. Qd5 Rae8 20. Qxf7+ Rxf7 21.
Nd5 exd4 22. Nxf6+ Nxf6 23. Bxd4 Ne4 24. Re1 Rfe7 25. Re2 Ng5 26. Rxe7 Rxe7 27.
Be3 Ne6 28. h4 h5 29. Rd1 Kf7 30. Kg2 a5 31. a4 Nc5 32. Bxc5 bxc5 33. Rd3 Re1
34. Kf3 Kf6 35. Kf4 g6 36. f3 Re5 37. Rd5 Rf5+ 38. Ke4 Ke6 39. g4 hxg4 40. fxg4
Rf6 41. h5 c6 42. Rg5 gxh5 43. Rxh5 Rg6 44. Kf4 d5 45. Rh8 Rf6+ 46. Ke3 Ke5 47.
Rh5+ Ke6 48. Rh8 d4+ 49. Ke4 Rg6 50. Kf4 Rf6+ 51. Ke4 Rg6 52. Kf4 Rf6+ 53. Ke4
1/2-1/2

[Event "Lichtenberger Sommer 2023"]
[Site "Berlin"]
[Date "2023.08.13"]
[Round "2.6"]
[White "Hesse, Henrik"]
[Black "Stärk, Elisa"]
[Result "1-0"]
[WhiteElo "2266"]
[BlackElo "1965"]
[PlyCount "81"]
[EventDate "2023.??.??"]
[WhiteTeam "SV Mattnetz Berlin e.V."]
[BlackTeam "SV Empor Berlin e.V."]

1. c4 Nf6 2. g3 g6 3. Bg2 Bg7 4. Nc3 d6 5. e3 O-O 6. Nge2 e5 7. O-O c6 8. d4
Nbd7 9. b3 Re8 10. Ba3 Nf8 11. Qc2 exd4 12. Nxd4 c5 13. Nde2 a6 14. Rad1 Qc7
15. h3 Be6 16. Nf4 Rab8 17. Bb2 b5 18. Nxe6 fxe6 19. cxb5 axb5 20. Qd3 c4 21.
Qxd6 Qxd6 22. Rxd6 b4 23. Na4 c3 24. Bc1 e5 25. Bc6 Re6 26. Rfd1 Rxd6 27. Rxd6
Kf7 28. Kf1 Ke7 29. Rd3 e4 30. Rd4 Ne6 31. Rc4 Rc8 32. a3 Kd6 33. Bb5 Rxc4 34.
Bxc4 Nd5 35. axb4 Nec7 36. b5 Na8 37. Ba3+ Ke5 38. Ke2 Nab6 39. Bc5 Nxa4 40.
bxa4 c2 41. Kd2 1-0

[Event "Lichtenberger Sommer 2023"]
[Site "Berlin"]
[Date "2023.08.13"]
[Round "2.7"]
[White "Rogozenco, Teodora"]
[Black "Förster, Jonas"]
[Result "1/2-1/2"]
[WhiteElo "1952"]
[BlackElo "2262"]
[PlyCount "71"]
[EventDate "2023.??.??"]
[WhiteTeam "Hamburger SK von 1830 eV"]
[BlackTeam "SV Empor Berlin e.V."]

1. d4 Nf6 2. c4 e6 3. Nc3 Bb4 4. Qc2 O-O 5. Nf3 d5 6. Bg5 h6 7. Bxf6 Qxf6 8.
cxd5 exd5 9. e3 c5 10. a3 cxd4 11. Nxd4 Bxc3+ 12. Qxc3 Nc6 13. Be2 Nxd4 14.
Qxd4 Qxd4 15. exd4 Re8 16. f3 Re3 17. Kd2 Rb3 18. Kc2 Rb6 19. Bd3 Bd7 20. Rae1
Kf8 21. Re5 Rc8+ 22. Kb1 Rd6 23. Rhe1 f6 24. Re7 Re8 25. Rxe8+ Bxe8 26. b4 Bd7
27. Kb2 g5 28. g3 Re6 29. Rxe6 Bxe6 30. a4 Ke7 31. a5 Kd6 32. h4 f5 33. f4 gxf4
34. gxf4 Bd7 35. Ka3 b5 36. Be2 1/2-1/2

[Event "Lichtenberger Sommer 2023"]
[Site "Berlin"]
[Date "2023.08.13"]
[Round "2.8"]
[White "Lorenz, Sascha"]
[Black "Heerde, Thomas"]
[Result "1-0"]
[WhiteElo "2261"]
[BlackElo "1956"]
[PlyCount "71"]
[EventDate "2023.??.??"]
[WhiteTeam "SK König Tegel 1949 e.V."]
[BlackTeam "SK Zehlendorf e.V."]

1. d4 Nf6 2. Nf3 g6 3. e3 Bg7 4. Be2 O-O 5. O-O d6 6. b3 Nbd7 7. Bb2 e5 8. dxe5
Ng4 9. Qc1 Ngxe5 10. c4 Nxf3+ 11. Bxf3 Ne5 12. Be2 f5 13. Nc3 Be6 14. Qd2 b6
15. Rad1 a5 16. f4 Nd7 17. Bf3 Rc8 18. Nb5 Bxb2 19. Qxb2 Qf6 20. Qc2 Nc5 21. a3
Kg7 22. b4 axb4 23. axb4 Nd7 24. Bb7 Rb8 25. Ba6 Qf7 26. Nxc7 Nf6 27. Rxd6 Qxc7
28. Rxe6 Qd7 29. Re5 Ng4 30. Rd5 Qe7 31. Qc3+ Kh6 32. Rf3 Qf6 33. Rd7 g5 34.
fxg5+ Kxg5 35. Rg7+ Kh6 36. Rxg4 1-0

[Event "Lichtenberger Sommer 2023"]
[Site "Berlin"]
[Date "2023.08.13"]
[Round "2.9"]
[White "Guenther, Thomas"]
[Black "Heinig, Wolfram"]
[Result "0-1"]
[WhiteElo "1945"]
[BlackElo "2254"]
[PlyCount "102"]
[EventDate "2023.??.??"]
[WhiteTeam "vereinslos"]
[BlackTeam "SK Zehlendorf e.V."]

1. d4 Nf6 2. Nf3 g6 3. g3 Bg7 4. Bg2 O-O 5. O-O d5 6. h3 c6 7. b3 Ne4 8. Bb2 c5
9. e3 Nc6 10. Ne5 cxd4 11. Nxc6 bxc6 12. exd4 Ba6 13. Re1 Nd6 14. Nd2 Rc8 15.
Nf3 c5 16. Ne5 cxd4 17. Bxd4 Nf5 18. Bb2 e6 19. Bf1 Bxf1 20. Kxf1 Qc7 21. Re2
Rfd8 22. Kg2 Qb7 23. Kh2 h5 24. Qe1 Rc7 25. Rd1 Rdc8 26. c4 dxc4 27. Nxc4 Bxb2
28. Nxb2 Rd7 29. Red2 Rcd8 30. Rxd7 Rxd7 31. Rxd7 Qxd7 32. Qd1 Nd4 33. Kg2 Qd5+
34. f3 e5 35. Qd3 Qa5 36. a4 Qb4 37. Nc4 Nxb3 38. Nxe5 Qxa4 39. Qd8+ Kg7 40.
Nd7 Qa2+ 41. Kg1 Qb1+ 42. Kg2 Qc2+ 43. Kg1 Qd1+ 44. Kg2 Qd2+ 45. Kf1 Qd3+ 46.
Kf2 Qd4+ 47. Kg2 Qd2+ 48. Kf1 Qd6 49. Qe8 Nd2+ 50. Kf2 Nc4 51. Qc8 Qd2+ 0-1

[Event "Lichtenberger Sommer 2023"]
[Site "Berlin"]
[Date "2023.08.13"]
[Round "2.10"]
[White "Holinka, Henning"]
[Black "Meister, Alexander"]
[Result "1-0"]
[WhiteElo "2241"]
[BlackElo "1926"]
[PlyCount "73"]
[EventDate "2023.??.??"]
[WhiteTeam "Hamburger SK von 1830 eV"]
[BlackTeam "SK Präsident"]

1. e4 c6 2. Nc3 d5 3. Nf3 dxe4 4. Nxe4 Nd7 5. d4 Ngf6 6. Bd3 Nxe4 7. Bxe4 Nf6
8. Bd3 e6 9. O-O Be7 10. Qe2 O-O 11. Rd1 b6 12. c4 Bb7 13. Bf4 Nh5 14. Be5 g6
15. h3 Bf6 16. g4 Ng7 17. Qe3 c5 18. Be4 Bxe4 19. Qxe4 Bxe5 20. dxc5 Bxb2 21.
Rxd8 Rfxd8 22. Rb1 Bf6 23. cxb6 axb6 24. Rxb6 Rxa2 25. Qf4 Be7 26. Rb7 Re8 27.
Ne5 f5 28. Nc6 Bc5 29. Rxg7+ Kxg7 30. Qe5+ Kh6 31. Qxc5 fxg4 32. hxg4 Rc2 33.
Ne5 Kg5 34. Qe3+ Kf6 35. g5+ Ke7 36. Qc5+ Kd8 37. Qd6+ 1-0

[Event "Lichtenberger Sommer 2023"]
[Site "Berlin"]
[Date "2023.08.13"]
[Round "2.11"]
[White "Tscheuschner, Georg"]
[Black "Heß, Jürgen"]
[Result "1-0"]
[WhiteElo "2229"]
[BlackElo "1922"]
[PlyCount "73"]
[EventDate "2023.??.??"]
[WhiteTeam "SV Mattnetz Berlin e.V."]
[BlackTeam "SG Arnstadt-Stadtilm"]

1. Nf3 Nc6 2. c4 Nf6 3. d4 e6 4. a3 d5 5. c5 b6 6. b4 bxc5 7. bxc5 Be7 8. e3
O-O 9. Nc3 Ne4 10. Qc2 Nxc3 11. Qxc3 e5 12. Bb5 exd4 13. exd4 Bd7 14. O-O Bf6
15. Bxc6 Bxc6 16. Re1 Re8 17. Rxe8+ Bxe8 18. Bf4 Bb5 19. Re1 Qd7 20. h3 a5 21.
g4 g6 22. Be5 Qc6 23. g5 Bxe5 24. Rxe5 a4 25. Qe3 Re8 26. Nh2 Rxe5 27. Qxe5 Qe8
28. Qxc7 Qe1+ 29. Kg2 Qe4+ 30. Kg3 Be2 31. Qb8+ Kg7 32. Qe5+ Qxe5+ 33. dxe5 Kf8
34. Kf4 Ke7 35. Ke3 Bb5 36. Nf3 Bd7 37. h4 1-0

[Event "Lichtenberger Sommer 2023"]
[Site "Berlin"]
[Date "2023.08.13"]
[Round "2.12"]
[White "Hauer, Andreas"]
[Black "Matthes, Aaron"]
[Result "1/2-1/2"]
[WhiteElo "1912"]
[BlackElo "2227"]
[PlyCount "103"]
[EventDate "2023.??.??"]
[WhiteTeam "SC Turm Illingen"]
[BlackTeam "SC Oranienburg e.V."]

1. e4 c5 2. Nf3 d6 3. d4 cxd4 4. Qxd4 Nf6 5. Be2 g6 6. O-O Bg7 7. Rd1 O-O 8. h3
Nc6 9. Qe3 Qb6 10. Qxb6 axb6 11. Nc3 Nb4 12. Ne1 Be6 13. a3 Nc6 14. Nf3 h6 15.
Be3 Nd7 16. Nd4 Nxd4 17. Bxd4 Rfc8 18. Bxg7 Kxg7 19. Bd3 Nc5 20. f4 Na4 21.
Nxa4 Rxa4 22. Re1 Ra5 23. b3 Rc3 24. a4 g5 25. fxg5 Rxg5 26. Re3 Bd7 27. Rae1
Bc6 28. Kh2 Rcc5 29. Rg3 Rce5 30. Re2 f6 31. h4 Rg6 32. Ree3 Rxg3 33. Kxg3 d5
34. Kf4 dxe4 35. Bxe4 Rc5 36. Bxc6 e5+ 37. Kf5 bxc6 38. Rg3+ Kf7 39. c4 b5 40.
axb5 cxb5 41. cxb5 Rxb5 42. Rc3 Rb7 43. h5 Re7 44. Rc4 Rb7 45. Rc6 Rxb3 46.
Rxf6+ Kg7 47. Rg6+ Kh7 48. g4 Rb7 49. Kxe5 Ra7 50. Rd6 Rg7 51. Rd4 Ra7 52. Ke6
1/2-1/2

[Event "Lichtenberger Sommer 2023"]
[Site "Berlin"]
[Date "2023.08.13"]
[Round "2.13"]
[White "Tiarks, Jann-Christian"]
[Black "Möwisch, Dave"]
[Result "1-0"]
[WhiteElo "2211"]
[BlackElo "1922"]
[PlyCount "81"]
[EventDate "2023.??.??"]
[WhiteTeam "SC Empor Potsdam 1952 e.V."]
[BlackTeam "Potsdamer SV Mitte e.V."]

1. e4 c6 2. Nf3 d5 3. Nc3 dxe4 4. Nxe4 Nf6 5. Qe2 Nxe4 6. Qxe4 Qd5 7. Qf4 Qf5
8. Qe3 Qe6 9. d4 Qxe3+ 10. Bxe3 g6 11. O-O-O Bg7 12. Bc4 Bg4 13. Bg5 Bxf3 14.
gxf3 e6 15. Bb3 O-O 16. c4 Na6 17. Kb1 Rac8 18. Rhe1 h6 19. Be3 b6 20. a3 Rfd8
21. d5 exd5 22. cxd5 c5 23. Bc4 Nb8 24. Bf4 Kf8 25. d6 g5 26. Bg3 Bf6 27. Bb5
Nd7 28. Re4 c4 29. Rxc4 Rxc4 30. Bxc4 Ne5 31. Be2 Ke8 32. Bb5+ Kf8 33. f4 Ng6
34. fxg5 hxg5 35. d7 Nf4 36. Bxf4 gxf4 37. Re1 Bh4 38. Re4 Bg5 39. Re5 Be7 40.
Kc2 f6 41. Re4 1-0

[Event "Lichtenberger Sommer 2023"]
[Site "Berlin"]
[Date "2023.08.13"]
[Round "2.14"]
[White "Verbitsky, Jaroslaw"]
[Black "Hess, Christian"]
[Result "1/2-1/2"]
[WhiteElo "1901"]
[BlackElo "2210"]
[PlyCount "152"]
[EventDate "2023.??.??"]
[WhiteTeam "SV Mattnetz Berlin e.V."]
[BlackTeam "FC ST.Pauli 1910 eV SAbt"]

1. e4 e6 2. d4 d5 3. exd5 exd5 4. Nf3 Nf6 5. Bd3 c5 6. O-O c4 7. Re1+ Be7 8.
Bf1 Nc6 9. Ne5 O-O 10. b3 cxb3 11. axb3 Bf5 12. Nxc6 bxc6 13. Ba3 Bxa3 14. Nxa3
Qd6 15. Qf3 Bg6 16. Qg3 Qb4 17. c4 Ne4 18. Qh3 Rfd8 19. Nc2 Qd2 20. Re2 Qf4 21.
Nb4 Qf6 22. Ra6 dxc4 23. Rxc6 Qxd4 24. Rxc4 Ng5 25. Qg3 Qa1 26. Nc2 Bxc2 27.
Rexc2 Ne6 28. Rc1 Qb2 29. R4c2 Qf6 30. Bc4 Nd4 31. Rd2 Rac8 32. Qe3 h6 33. h3
a5 34. Rxd4 Qxd4 35. Qxd4 Rxd4 36. Bxf7+ Kxf7 37. Rxc8 a4 38. bxa4 Rxa4 39. Rc6
Ra1+ 40. Kh2 Ra3 41. g4 Rb3 42. Kg2 Ra3 43. f3 Rb3 44. Kg3 Rb4 45. h4 Rb5 46.
Ra6 g6 47. Ra7+ Kg8 48. Ra6 Kf7 49. Ra7+ Kg8 50. Rd7 Rb4 51. Rd6 Kf7 52. Rd7+
Kg8 53. Rc7 Ra4 54. Rb7 Rc4 55. Rb6 Kf7 56. Rb7+ Kg8 57. Ra7 Rb4 58. Ra6 Kg7
59. Ra7+ Kg8 60. Ra3 Kf7 61. f4 Rc4 62. Re3 Kf6 63. Rd3 Ra4 64. Rd6+ Kf7 65. h5
gxh5 66. gxh5 Kg7 67. Rg6+ Kh7 68. f5 Ra1 69. Re6 Kg7 70. Re2 Kf6 71. Rf2 Rg1+
72. Rg2 Rxg2+ 73. Kxg2 Kxf5 74. Kh1 Kg4 75. Kg1 Kxh5 76. Kh1 Kg4 1/2-1/2

[Event "Lichtenberger Sommer 2023"]
[Site "Berlin"]
[Date "2023.08.13"]
[Round "2.15"]
[White "Zackrisson, Peter"]
[Black "Kuhn, Christian"]
[Result "1-0"]
[WhiteElo "2204"]
[BlackElo "1911"]
[PlyCount "41"]
[EventDate "2023.??.??"]
[WhiteTeam "USV Potsdam e.V., Abt. Schach"]
[BlackTeam "SK König Tegel 1949 e.V."]

1. d4 Nf6 2. c4 e6 3. g3 d5 4. Bg2 Bb4+ 5. Nd2 O-O 6. Ngf3 c6 7. O-O Nbd7 8.
Qc2 b6 9. e4 dxe4 10. Nxe4 Nxe4 11. Qxe4 Bb7 12. Rd1 Nf6 13. Qc2 Qc8 14. c5
bxc5 15. dxc5 Ba5 16. b4 Bc7 17. Bb2 h6 18. Nd4 Nd5 19. Bxd5 exd5 20. Nf5 g6
21. Ne7+ 1-0

[Event "Lichtenberger Sommer 2023"]
[Site "Berlin"]
[Date "2023.08.13"]
[Round "2.16"]
[White "Beran, Rolf-Dietrich"]
[Black "Petersen, Soren Boeck"]
[Result "0-1"]
[WhiteElo "1899"]
[BlackElo "2179"]
[PlyCount "42"]
[EventDate "2023.??.??"]
[WhiteTeam "SG Rot-Weiß Neuenhagen"]
[BlackTeam "vereinslos"]

1. c4 e5 2. Nc3 Nf6 3. g3 Nc6 4. Bg2 Bc5 5. e3 d5 6. cxd5 Nb4 7. d3 Nbxd5 8.
Nge2 O-O 9. O-O Be6 10. d4 exd4 11. Nxd4 Nxc3 12. bxc3 Bd5 13. f3 Bc4 14. Re1
Nd5 15. Bd2 Qd7 16. Qc2 Rad8 17. Rad1 Rfe8 18. Kh1 Nb6 19. e4 Qa4 20. Bf4 Bxa2
21. Bxc7 Rxd4 0-1

[Event "Lichtenberger Sommer 2023"]
[Site "Berlin"]
[Date "2023.08.13"]
[Round "2.17"]
[White "Jahn, Thomas"]
[Black "Geldner, Gerrit"]
[Result "1-0"]
[WhiteElo "2173"]
[BlackElo "1900"]
[PlyCount "127"]
[EventDate "2023.??.??"]
[WhiteTeam "SV Empor Berlin e.V."]
[BlackTeam "SV Roter Turm Halle"]

1. e4 c5 2. Nf3 d6 3. d4 cxd4 4. Nxd4 Nf6 5. Nc3 a6 6. Be2 e5 7. Nb3 Be6 8. O-O
Be7 9. Kh1 O-O 10. f4 exf4 11. Bxf4 Nc6 12. Qe1 Qc7 13. Rd1 Rfd8 14. Qg3 Ne5
15. Nd4 Ng6 16. Bg5 Rac8 17. Nf5 Ne8 18. Bxe7 Nxe7 19. Nh6+ Kf8 20. Bg4 Nf6 21.
Bxe6 fxe6 22. Qh3 Neg8 23. Ng4 Qf7 24. e5 dxe5 25. Rde1 Ke7 26. Nxe5 Qe8 27.
Nf3 Rd6 28. Ng5 Kd7 29. Nxh7 Qg6 30. Nxf6+ Nxf6 31. Re2 b5 32. Rfe1 Rcc6 33. a3
Qg4 34. Qxg4 Nxg4 35. Ne4 Rd5 36. b4 e5 37. h3 Nf6 38. Nc5+ Kd6 39. Kh2 Rb6 40.
Nd3 Nd7 41. Rf1 Ke7 42. Rf5 Rf6 43. Rg5 Kf7 44. Nxe5+ Nxe5 45. Rgxe5 Rd4 46.
Re7+ Kg6 47. Rc7 Kh6 48. Re3 g5 49. Ree7 Rd2 50. Rh7+ Kg6 51. Rcg7+ Kf5 52. Rf7
Rxc2 53. Rxf6+ Kxf6 54. Rh6+ Kf5 55. Rxa6 Ra2 56. Kg3 Rb2 57. Kh2 Kf4 58. Ra5
Ra2 59. Rxb5 Rxa3 60. Rb8 Rb3 61. b5 Ke5 62. b6 Kd6 63. Rg8 Rb5 64. Kg3 1-0

[Event "Lichtenberger Sommer 2023"]
[Site "Berlin"]
[Date "2023.08.13"]
[Round "2.18"]
[White "Nötzel, Felix"]
[Black "Bolon, Karelle"]
[Result "1/2-1/2"]
[WhiteElo "2169"]
[BlackElo "1899"]
[Annotator "Luca"]
[PlyCount "84"]
[EventDate "2023.??.??"]
[WhiteTeam "SF Berlin 1903 e.V."]
[BlackTeam "SF Berlin 1903 e.V."]

{[%evp 0,3,19,-12,-12,-82]} 1. c4 f5 2. Nc3 Nf6 3. g3 d6 4. Bg2 g6 5. d3 Bg7 6.
e4 fxe4 7. dxe4 Nc6 8. Nge2 O-O 9. O-O Be6 10. Nd5 Ne5 11. Nd4 Bd7 12. f4 Nf7
13. f5 c5 14. Nc2 g5 15. Rb1 Rc8 16. b3 a6 17. Bd2 b5 18. Qe1 Nxd5 19. exd5 Bf6
20. Ne3 Ne5 21. Qe2 Qe8 22. Ng4 Nxg4 23. Qxg4 h5 24. Qe4 Qf7 25. Kh1 Rb8 26.
Qd3 Qg7 27. Be4 Kf7 28. Qf3 Rh8 29. Kg2 g4 30. Qe2 Rbg8 31. Bd3 b4 32. Kf2 h4
33. Bf4 hxg3+ 34. Bxg3 Bc3 35. Kg2 Qh6 36. Rf4 Be5 37. Rbf1 Qh3+ 38. Kg1 Bf6
39. Re4 Qh5 40. Re1 Qg5 41. Bf4 Qh4 42. Bg3 Qg5 1/2-1/2

[Event "Lichtenberger Sommer 2023"]
[Site "Berlin"]
[Date "2023.08.13"]
[Round "2.19"]
[White "Seth, Aakrit"]
[Black "Bui, Bao Anh Le"]
[Result "0-1"]
[WhiteElo "1894"]
[BlackElo "2162"]
[PlyCount "68"]
[EventDate "2023.??.??"]
[WhiteTeam "SC Weisse Dame e.V."]
[BlackTeam "SV Mattnetz Berlin e.V."]

1. d4 d5 2. Bf4 Nf6 3. e3 c5 4. c3 Nc6 5. Nf3 Qb6 6. Qb3 c4 7. Qc2 Bf5 8. Qc1
h6 9. Nbd2 e6 10. b3 Qa5 11. b4 Bxb4 12. cxb4 Nxb4 13. Be2 Nc2+ 14. Kf1 Nxa1
15. Qxa1 Rc8 16. h3 Qa3 17. g4 Bc2 18. Kg2 c3 19. Nb3 O-O 20. Rc1 Qb2 21. Bd6
Bxb3 22. axb3 Qxe2 23. Bxf8 Ne4 24. Rf1 Kxf8 25. Ne5 c2 26. Qa3+ Kg8 27. Qc1
Nd2 28. Rh1 Nxb3 29. Qa3 c1=Q 30. Rxc1 Rxc1 31. Qe7 Qf1+ 32. Kg3 Qg1+ 33. Kh4
Qxf2+ 34. Kh5 Rh1 0-1

[Event "Lichtenberger Sommer 2023"]
[Site "Berlin"]
[Date "2023.08.13"]
[Round "2.20"]
[White "Polatel, Ali"]
[Black "Omar, Samy"]
[Result "1-0"]
[WhiteElo "2154"]
[BlackElo "1896"]
[PlyCount "55"]
[EventDate "2023.??.??"]
[WhiteTeam "SC Zugzwang 95 e.V."]

1. Nf3 d5 2. b3 e6 3. Bb2 f5 4. c4 c6 5. g3 Nf6 6. Bg2 Bd6 7. O-O Qe7 8. Nc3
O-O 9. d3 Bd7 10. e4 dxe4 11. dxe4 fxe4 12. Ng5 e3 13. fxe3 Bc5 14. Qe2 Na6 15.
Nge4 Nxe4 16. Nxe4 Bb6 17. Be5 Bc7 18. Qb2 Rxf1+ 19. Rxf1 Rf8 20. Rxf8+ Kxf8
21. Bxc7 Nxc7 22. Qe5 Ne8 23. Qb8 Qa3 24. h3 b6 25. Kh2 Qxa2 26. Qd8 Qxb3 27.
Qxd7 Qxc4 28. Qxe8+ 1-0

[Event "Lichtenberger Sommer 2023"]
[Site "Berlin"]
[Date "2023.08.13"]
[Round "2.21"]
[White "Allgaier, Erik"]
[Black "Möller, Dustin"]
[Result "0-1"]
[WhiteElo "1922"]
[BlackElo "2230"]
[PlyCount "37"]
[EventDate "2023.??.??"]
[WhiteTeam "SC Hans Clauert Trebbin"]
[BlackTeam "Preetzer TSV"]

1. f4 d5 2. Nf3 c5 3. g3 g6 4. c3 Bg7 5. Bg2 Nf6 6. d3 O-O 7. O-O Nc6 8. Qc2 d4
9. Nbd2 Nd5 10. Ne4 Qb6 11. c4 Ne3 12. Bxe3 dxe3 13. Rab1 Bf5 14. Nc3 Nd4 15.
Qc1 Nxe2+ 16. Nxe2 Bxd3 17. Qxe3 Bxb1 18. Rxb1 Rad8 19. Nc3 0-1

[Event "Lichtenberger Sommer 2023"]
[Site "Berlin"]
[Date "2023.08.13"]
[Round "2.22"]
[White "Heppert, Lars"]
[Black "Wiechert, Hans"]
[Result "0-1"]
[WhiteElo "1887"]
[BlackElo "2151"]
[PlyCount "78"]
[EventDate "2023.??.??"]
[WhiteTeam "SK Neuburg"]
[BlackTeam "SC Untergrombach 46"]

1. c4 Nf6 2. Nf3 e6 3. e3 d5 4. Nc3 b6 5. cxd5 exd5 6. d4 Bd6 7. Ne5 O-O 8. Bd3
c6 9. f4 Qe8 10. Bd2 Ba6 11. Bc2 c5 12. Qf3 cxd4 13. exd4 Nc6 14. Nxd5 Nxd5 15.
Qxd5 Nb4 16. Bxb4 Bxb4+ 17. Kf2 Rc8 18. Qe4 g6 19. g4 Qd8 20. Bb3 Kg7 21. g5
Qe7 22. Bd5 Bd6 23. Rac1 f6 24. Rxc8 Bxc8 25. gxf6+ Qxf6 26. Kg3 Bf5 27. Qe3
Rd8 28. Bb3 Bc8 29. h4 Qf5 30. h5 Re8 31. hxg6 hxg6 32. Rg1 Rh8 33. Kf2 Rh2+
34. Rg2 Rh6 35. Qg3 Qb1 36. Qc3 Bb7 37. d5 Bc5+ 38. Ke2 Qe4+ 39. Kd2 Qxg2+ 0-1

[Event "Lichtenberger Sommer 2023"]
[Site "Berlin"]
[Date "2023.08.13"]
[Round "2.23"]
[White "Brinkmann, Fabian"]
[Black "Matitschka, Heinz"]
[Result "1-0"]
[WhiteElo "2147"]
[BlackElo "1883"]
[PlyCount "189"]
[EventDate "2023.??.??"]
[WhiteTeam "Hamburger SK von 1830 eV"]
[BlackTeam "TSG Oberschöneweide e.V."]

1. d4 Nf6 2. c4 e6 3. Nf3 Bb4+ 4. Nbd2 b6 5. g3 Bb7 6. Bg2 O-O 7. O-O a5 8. a3
Bxd2 9. Bxd2 Qe7 10. Rc1 a4 11. Re1 d6 12. h4 Nbd7 13. Bf4 Rfe8 14. Qd2 Be4 15.
Bg5 h6 16. Bxf6 Nxf6 17. Qe3 Ra5 18. Nd2 Bxg2 19. Kxg2 e5 20. d5 e4 21. Nb1 Qe5
22. Nc3 Re7 23. Rc2 Ng4 24. Qf4 Qxf4 25. gxf4 Ra8 26. e3 g6 27. h5 Nf6 28. hxg6
fxg6 29. Rh1 Kh7 30. Rcc1 Nd7 31. Rh4 Nc5 32. Rch1 h5 33. f5 Re5 34. fxg6+ Kxg6
35. Kf1 Rae8 36. Ke2 Rg5 37. Rf4 Rg4 38. Rxg4+ hxg4 39. Rh4 Kg5 40. Rh7 Rc8 41.
Nb5 Nd3 42. Rg7+ Kh5 43. Nc3 Nc5 44. Re7 c6 45. dxc6 Rxc6 46. Nxe4 Nxe4 47.
Rxe4 Kg5 48. Kd3 Kf5 49. Rf4+ Kg5 50. Rf8 Rc5 51. Rd8 b5 52. Rxd6 bxc4+ 53. Kd4
Rc8 54. Rd5+ Kg6 55. Kc3 Rf8 56. Rd2 Kf5 57. Kb4 Ke4 58. Rd4+ Kf3 59. Rxc4 Kxf2
60. Rxg4 Rb8+ 61. Kxa4 Rxb2 62. Rb4 Re2 63. Rb3 Kf3 64. Kb5 Ke4 65. a4 Rh2 66.
Ra3 Kd5 67. Kb6 Rh6+ 68. Kb5 Rh2 69. Kb4 Kc6 70. a5 Rh4+ 71. Kc3 Kb7 72. a6+
Ka7 73. Kd3 Rh1 74. Ra2 Rh3 75. Kd4 Rh8 76. e4 Rd8+ 77. Ke3 Re8 78. Ra1 Re7 79.
Kf4 Rf7+ 80. Ke5 Re7+ 81. Kf5 Rf7+ 82. Ke6 Rf2 83. e5 Re2 84. Kd6 Rd2+ 85. Ke7
Re2 86. e6 Re3 87. Kd7 Rd3+ 88. Ke8 Re3 89. e7 Re2 90. Rf1 Rh2 91. Kf7 Rh7+ 92.
Ke6 Rh6+ 93. Rf6 Rh8 94. Rf8 Rh6+ 95. Kf5 1-0

[Event "Lichtenberger Sommer 2023"]
[Site "Berlin"]
[Date "2023.08.13"]
[Round "2.24"]
[White "Amelang, Thomas"]
[Black "Kapr, Klaus"]
[Result "1-0"]
[WhiteElo "2141"]
[BlackElo "1876"]
[PlyCount "41"]
[EventDate "2023.??.??"]
[WhiteTeam "Münchener SC 1836 e.V."]
[BlackTeam "SC Friesen Lichtenberg e.V."]

1. Nf3 d5 2. g3 Nf6 3. Bg2 e6 4. d3 c5 5. O-O Be7 6. c4 O-O 7. cxd5 exd5 8. d4
b6 9. Nc3 Nc6 10. Bf4 Bb7 11. Qd2 c4 12. Ne5 a6 13. b3 b5 14. bxc4 bxc4 15.
Rab1 Na5 16. Na4 Ra7 17. Rb6 Nd7 18. Nxd7 c3 19. Qxc3 Nc4 20. Rxb7 Rxb7 21.
Nxf8 1-0